Forensic Investigations and Miscarriages of Justice The Rhetoric Meets The Reality /

Detalles Bibliográficos
Autor principal: Roach, Kent
Otros Autores: Sangha, Bibi, Moles, Robert
Formato: eBook
Lenguaje:inglés
Publicado: Toronto: Irwin Law Inc., 2010
Materias:
Acceso en línea:Acceso restringido

MARC

LEADER 00000nam a22000007a 4500
005 20210810212813.0
007 cr|||| ||||
008 210810s2010 ca |||||s|||| 00||0 eng d
020 |a 9781552211977 
035 |a 34877 
040 |a vLex 
090 |c 11958  |d 11958 
100 1 |a Roach, Kent 
245 1 0 |a Forensic Investigations and Miscarriages of Justice  |h [Recurso electrn̤ico] :  |b The Rhetoric Meets The Reality /  |c Kent Roach, Bibi Sangha, Robert Moles 
256 |a Servicio en ln̕ea 
260 |a Toronto:  |b Irwin Law Inc.,  |c 2010 
300 |a 1 recurso electrn̤ico 
500 |a Miscarriages of justice have been the focus of judicial and public inquiries in Britain, Canada, and Australia. The objective of Forensic Investigations and Miscarriages of Justice is to make clear that, despite the rules laid down by statutes and decided cases to ensure that criminal trials are properly conducted, there are many instances where those rules have not been properly applied. In all three jurisdictions, there have been cases in which investigations have fundamentally miscarried and where expert witnesses have given evidence that has been either fraudulent or wrong. The book reviews how these problem cases are dealt with, and the marked differences between the jurisdictions in the procedures available to identify possible errors. The authors recommend ways to narrow the gap between the rhetoric of impartial forensic science and prosecutions and the reƯality of a growing number of recognized miscarriages of justice, emphasizing that both forensic science and the legal system must change and seek to better understand each other. 
506 1 |a Disponible solo en los productos indicados  |d vLex Global  |d vLex Global (Academic Edition, excluding Law Schools)  |d vLex Global (U.S. Academic Edition, Law Schools)  |d vLex Global (U.S. Academic Edition, excluding Law Schools)  |d vLex Global (Academic Edition, Law Schools) 
650 0 4 |a Derecho Penal  |z Canad̀ 
700 1 |a Sangha, Bibi 
700 1 |a Moles, Robert 
740 0 |a vLex Libros (Servicio en ln̕ea) 
856 4 0 |u https://app.vlex.com/#/sources/34877  |z Acceso restringido 
942 |c BOOK 
999 0 |a Criminal law